| 000 | 00658nam a2200217Ia 4500 | ||
|---|---|---|---|
| 008 | 180523s9999 xx 000 0 und d | ||
| 020 | _a978-0-321-36578 | ||
| 050 | _aMAIN PE 1408 | ||
| 050 | _b.R83 2006 | ||
| 100 | _aRude, Carolyn D. | ||
| 245 | 4 | _aThe Longman guide to technical editing : | |
| 245 | 2 | _ba comprehensive reference guide for editors and information managers / | |
| 245 | 0 | _cCarolyn D. Rude with David Dayton. | |
| 260 | _aSingapore : | ||
| 260 | _bPearson Education South Asia, | ||
| 260 | _c2006 | ||
| 300 | _a308 pages : | ||
| 300 | _c23 cm. | ||
| 500 | _aIncludes index. | ||
| 650 | _aEnglish language -- Technical English. | ||
| 999 |
_c357380 _d357380 |
||